L'enquête par questionnaire : manuel a l'usage du praticien

Αποθηκεύτηκε σε:
Λεπτομέρειες βιβλιογραφικής εγγραφής
Κύριος συγγραφέας: Javeau, Claude
Μορφή: Βιβλίο
Γλώσσα:French
Δημοσίευση: Paris : Universite de Bruxelles, 1988.
Έκδοση:3e ed.
Θέματα:
Ετικέτες: Προσθήκη ετικέτας
Δεν υπάρχουν, Καταχωρήστε ετικέτα πρώτοι!

MARC

LEADER 00000cam a2200000 i 4500
001 1/1015
008 950706s1988 fr | ||| |||| ||fre||
020 |a 2800408618 
035 |l 10014286 
040 |a GR-MyUa  |b gre  |e AACR2 
041 0 |a fre 
082 7 |a 301.0723   |2 (22)  
100 1 |a Javeau, Claude. 
245 1 2 |a L'enquête par questionnaire :   |b manuel a l'usage du praticien /   |c Claude Javeau. 
250 |a 3e ed. 
260 |a Paris :   |b Universite de Bruxelles,   |c 1988. 
300 |a 138 σ. ;   |c 24 εκ. 
504 |a Περιέχει βιβλιογραφικές παραπομπές. 
650 0 |a Social sciences  |x Methodology. 
650 0 |a Questionnaires. 
767 0 8 |i Μεταφρασμένο ως:   |t Η έρευνα με ερωτηματολόγιο :  
852 |a INST  |b LESVOS  |e 19950706  |h 301.0723 JAV  |p 005100007935  |q 005100007935  |t BK  |y 0 
922 |a 1ΕΛΗ  |b 198809  |c ΠΠ/8719